| 000 | 00747cab a2200265 4500 | ||
|---|---|---|---|
| 001 | ABS57075 | ||
| 008 | 090401t1997 xxu||||| |||| 00| 0 eng d | ||
| 035 | _a(Sirsi) u79091 | ||
| 041 | _aeng | ||
| 100 | _aWilliams, S. | ||
| 245 | _aCavity wall ties and corrosion | ||
| 260 | _c1997 | ||
| 350 | _a0 | ||
| 490 |
_aFaculty of Building Journal _vJune 1997, 4-7(4) |
||
| 520 | _aDiscusses precautions which can be taken to minimise the problems of corrosion in cavity wall ties. | ||
| 650 | _aCAVITY WALL TIES | ||
| 650 | _aCORROSION | ||
| 650 | _aPREVENTION | ||
| 650 | _aREMEDIAL TREATMENT | ||
| 650 | _aREPLACEMENT | ||
| 650 | _aWALL TIES | ||
| 690 | _aBUILT ENVIRONMENT-BUILDING PATHOLOGY | ||
| 942 | _n0 | ||
| 948 | _c20/06/1997 | ||
| 999 |
_c49706 _d49706 |
||